Nelson Mandela : a biography (Record no. 321256)

000 -LEADER
fixed length control field 00344 a2200133 4500
001 - CONTROL NUMBER
control field 86183
020 ## - INTERNATIONAL STANDARD BOOK NUMBER
International Standard Book Number 9781847378835
082 ## - DEWEY DECIMAL CLASSIFICATION NUMBER
Classification number 968.06092 MER
090 ## - LOCALLY ASSIGNED LC-TYPE CALL NUMBER (OCLC); LOCAL CALL NUMBER (RLIN)
-- 40451
-- 40451
100 ## - MAIN ENTRY--PERSONAL NAME
Personal name Martin Meredith
245 ## - TITLE STATEMENT
Title Nelson Mandela : a biography
Statement of responsibility, etc. Martin Meredith
260 ## - PUBLICATION, DISTRIBUTION, ETC.
Place of publication, distribution, etc. London
Name of publisher, distributor, etc. Simon & Schuster
Date of publication, distribution, etc. 2010
300 ## - PHYSICAL DESCRIPTION
Extent xviii, 653 p.
942 ## - ADDED ENTRY ELEMENTS (KOHA)
Institution code [OBSOLETE] caenust
Call number prefix 968.06092 MER
Holdings
Withdrawn status Lost status Damaged status Not for loan Collection code Permanent Location Current Location Date acquired Total Checkouts Full call number Barcode Date last seen Price effective from Koha item type
          College of Aeronautical Engineering (CAE) College of Aeronautical Engineering (CAE) 04/03/2017   968.06092 MER CAE85096 04/05/2017 04/05/2017 Book
© 2023 Central Library, National University of Sciences and Technology. All Rights Reserved.